<?xml version="1.0" encoding="UTF-8"?>
<record
    xmlns:xsi="http://www.w3.org/2001/XMLSchema-instance"
    xsi:schemaLocation="http://www.loc.gov/MARC21/slim http://www.loc.gov/standards/marcxml/schema/MARC21slim.xsd"
    xmlns="http://www.loc.gov/MARC21/slim">

  <leader>03776nmm a22005177a 4500</leader>
  <datafield tag="999" ind1=" " ind2=" ">
    <subfield code="c">5427</subfield>
    <subfield code="d">5427</subfield>
  </datafield>
  <controlfield tag="003">OSt</controlfield>
  <controlfield tag="005">20250611095616.0</controlfield>
  <controlfield tag="008">191018e        xxu|||||o||d| 00| 0 spa d</controlfield>
  <datafield tag="020" ind1=" " ind2=" ">
    <subfield code="a">978-987-8343-84-6</subfield>
  </datafield>
  <datafield tag="040" ind1=" " ind2=" ">
    <subfield code="c">PJ</subfield>
  </datafield>
  <datafield tag="245" ind1="1" ind2="0">
    <subfield code="a">Prueba digital 2 :</subfield>
    <subfield code="b"> e-mails, chats de whatsapp u otras aplicaciones de  mensajer&#xED;a instant&#xE1;nea, publicaciones en redes sociales, capturas de  pantallas, filmaciones, grabaciones de audio, contratos electr&#xF3;nicos,  e-commerce, reconocimiento biom&#xE9;trico facial, blockchain, home  banking, expediente administrativo electr&#xF3;nico, pericia inform&#xE1;tica,  ia y otras tecnolog&#xED;as /</subfield>
    <subfield code="c">Horacio R. Granero... [et al.].</subfield>
  </datafield>
  <datafield tag="260" ind1=" " ind2=" ">
    <subfield code="a">Ciudad Aut&#xF3;noma de Buenos Aires :</subfield>
    <subfield code="b">Eldial.com ,</subfield>
    <subfield code="c">2025.</subfield>
  </datafield>
  <datafield tag="300" ind1=" " ind2=" ">
    <subfield code="a">603 p.</subfield>
  </datafield>
  <datafield tag="500" ind1=" " ind2=" ">
    <subfield code="a">E-book.</subfield>
  </datafield>
  <datafield tag="505" ind1=" " ind2=" ">
    <subfield code="a">En una sociedad digitalizada, donde los conflictos jur&#xED;dicos se entrelazan con tecnolog&#xED;as emergentes, el debate sobre la admisibilidad, validez y eficacia de la prueba digital ya no es una cuesti&#xF3;n futura: es el presente de la litigaci&#xF3;n.

En l&#xED;nea con los desaf&#xED;os planteados en la obra Prueba Digital 1, esta nueva entrega ampl&#xED;a la mirada sobre el impacto de la tecnolog&#xED;a en el derecho procesal, abordando casos concretos en los fueros civil, comercial, laboral, administrativo y penal. En todos ellos, la irrupci&#xF3;n de la prueba digital &#x2014;mensajes de WhatsApp, correos electr&#xF3;nicos, publicaciones en redes sociales, capturas de pantalla, documentos electr&#xF3;nicos, registros multimedia y evidencia generada por inteligencia artificial&#x2014; exige nuevas herramientas de an&#xE1;lisis, criterios interpretativos y protocolos de actuaci&#xF3;n.

&#xBF;C&#xF3;mo se acredita la autenticidad de un mensaje digital, como un correo electr&#xF3;nico, un mensaje de WhatsApp o una publicaci&#xF3;n en redes sociales? &#xBF;Qu&#xE9; valor tienen las capturas o impresiones de pantalla? &#xBF;Qu&#xE9; recaudos deben tomarse para que un contenido digital sea eficaz como medio probatorio? &#xBF;Cu&#xE1;ndo se configura una obtenci&#xF3;n il&#xED;cita? &#xBF;Qu&#xE9; exigencias impone la cadena de custodia digital? &#xBF;Puede el juez recurrir a inteligencia artificial sin comprometer garant&#xED;as procesales?

Estas y otras preguntas estructuran el recorrido de esta obra, que articula doctrina y jurisprudencia destacada, con una mirada pr&#xE1;ctica y plural. Asimismo, brinda herramientas &#xFA;tiles para litigar, juzgar o asesorar con solidez en un entorno cada vez m&#xE1;s atravesado por lo digital.
Validez en los procesos civiles, comerciales, laborales, administrativos y penales.</subfield>
  </datafield>
  <datafield tag="505" ind1=" " ind2=" ">
    <subfield code="t">La extracci&#xF3;n de prueba electr&#xF3;nica de tel&#xE9;fonos celulares y la garant&#xED;a de defensa en juicio /</subfield>
    <subfield code="r">Carla Paola Delle Donne.</subfield>
  </datafield>
  <datafield tag="650" ind1=" " ind2="0">
    <subfield code="9">267</subfield>
    <subfield code="a">DERECHO PROCESAL</subfield>
  </datafield>
  <datafield tag="650" ind1=" " ind2="0">
    <subfield code="9">273</subfield>
    <subfield code="a">DERECHO INFORM&#xC1;TICO</subfield>
  </datafield>
  <datafield tag="650" ind1=" " ind2="0">
    <subfield code="9">1975</subfield>
    <subfield code="a">PRUEBA</subfield>
  </datafield>
  <datafield tag="650" ind1=" " ind2="0">
    <subfield code="9">3404</subfield>
    <subfield code="a">MEDIOS DE PRUEBA ELECTR&#xD3;NICOS</subfield>
  </datafield>
  <datafield tag="650" ind1=" " ind2="0">
    <subfield code="9">3406</subfield>
    <subfield code="a">EVIDENCIA DIGITAL</subfield>
  </datafield>
  <datafield tag="650" ind1=" " ind2="0">
    <subfield code="9">4109</subfield>
    <subfield code="a">REDES SOCIALES</subfield>
  </datafield>
  <datafield tag="700" ind1=" " ind2=" ">
    <subfield code="a">Acosta, Cecilia S. </subfield>
  </datafield>
  <datafield tag="700" ind1=" " ind2=" ">
    <subfield code="a">Batista, Alejandro</subfield>
  </datafield>
  <datafield tag="700" ind1=" " ind2=" ">
    <subfield code="a">Bionda, Rodrigo E.</subfield>
  </datafield>
  <datafield tag="700" ind1=" " ind2=" ">
    <subfield code="a">Bosco, Santiago</subfield>
  </datafield>
  <datafield tag="700" ind1=" " ind2=" ">
    <subfield code="a">Brun, Juan Mart&#xED;n </subfield>
  </datafield>
  <datafield tag="700" ind1=" " ind2=" ">
    <subfield code="a">Chaia, Rub&#xE9;n Alberto</subfield>
  </datafield>
  <datafield tag="700" ind1=" " ind2=" ">
    <subfield code="a">Cherubin, Gabriela</subfield>
  </datafield>
  <datafield tag="700" ind1=" " ind2=" ">
    <subfield code="a">Docimo, Roberto Arturo</subfield>
    <subfield code="9">6308</subfield>
  </datafield>
  <datafield tag="700" ind1=" " ind2=" ">
    <subfield code="a">Granero, Horacio R.</subfield>
    <subfield code="9">6135</subfield>
  </datafield>
  <datafield tag="700" ind1=" " ind2=" ">
    <subfield code="a">Groppo, Patricio Gustavo</subfield>
    <subfield code="9">5788</subfield>
  </datafield>
  <datafield tag="700" ind1=" " ind2=" ">
    <subfield code="a">Guini, Leonor </subfield>
  </datafield>
  <datafield tag="700" ind1=" " ind2=" ">
    <subfield code="a">Lois, Sergio</subfield>
  </datafield>
  <datafield tag="700" ind1=" " ind2=" ">
    <subfield code="a">Mera, Mariano Mart&#xED;n</subfield>
  </datafield>
  <datafield tag="700" ind1=" " ind2=" ">
    <subfield code="a">Perez del Viso, Adela</subfield>
  </datafield>
  <datafield tag="700" ind1=" " ind2=" ">
    <subfield code="a">Riquert, Marcelo A. </subfield>
    <subfield code="9">3063</subfield>
  </datafield>
  <datafield tag="700" ind1=" " ind2=" ">
    <subfield code="a">Rodr&#xED;guez Romeo, Pablo</subfield>
  </datafield>
  <datafield tag="700" ind1=" " ind2=" ">
    <subfield code="a">Ross, Zarina</subfield>
  </datafield>
  <datafield tag="700" ind1=" " ind2=" ">
    <subfield code="a">Spessot, Alejandro</subfield>
    <subfield code="9">5261</subfield>
  </datafield>
  <datafield tag="700" ind1=" " ind2=" ">
    <subfield code="a">Tomeo, Fernando</subfield>
  </datafield>
  <datafield tag="700" ind1=" " ind2=" ">
    <subfield code="a">Viadas, Mariano Pablo</subfield>
  </datafield>
  <datafield tag="700" ind1=" " ind2=" ">
    <subfield code="a">Yuba, Gabriela</subfield>
    <subfield code="9">3825</subfield>
  </datafield>
  <datafield tag="856" ind1=" " ind2=" ">
    <subfield code="y">Acceso al &#xCD;ndice</subfield>
    <subfield code="u">https://www.eldial.com/nuevo/pdf/indice/INDICE_Prueba_Digital_2.pdf</subfield>
  </datafield>
  <datafield tag="942" ind1=" " ind2=" ">
    <subfield code="2">udc</subfield>
    <subfield code="c">ARE</subfield>
  </datafield>
</record>
